Biblioteca

Comentario del Nuevo Testamento (Registro nro. 31727)

Detalles MARC
000 -LÍDER
Campo fijo de descripción fija 00820aam a2200241 4500
001 - NÚMERO DE CONTROL
Campo de control 190
003 - IDENTIFICADOR DEL NÚMERO DE CONTROL
Campo de control CO-MdFUSB
005 - FECHA Y HORA DE LA ULTIMA TRANSACCIÓN
control field 20171110112136.0
008 - ELEMENTOS DE LONGITUD FIJA -- INFORMACIÓN GENERAL
Campo fijo de descripción fija -- Información general 170417s1970 ag ||||| |||| 00| 0 spa d
040 ## - FUENTE DE CATALOGACIÓN
Agencia de catalogación original CO-MdFUSB
Idioma de catalogación spa
Agencia que realiza la transcripción CO-MdFUSB
Agencia que realiza la modificación CO-MdFUSBC
Convenciones de la descripción rda
041 0# - CÓDIGO DE IDIOMA
Código de idioma para texto/pista de sonido o título separado spa
082 04 - NÚMERO DE CLASIFICACIÓN DECIMAL DEWEY
Número de clasificación G 225.7 B717c
100 1# - ASIENTO PRINCIPAL--NOMBRE PERSONAL
Nombre personal Bonnet, Luis
Término relacionador autor
245 00 - TÍTULO
Título del Material Comentario del Nuevo Testamento
Mención de responsabilidad, etc. / Luis Bonnet, Alfredo Schroeder
264 #1 - PRODUCCIÓN, PUBLICACIÓN, DISTRIBUCIÓN, MANUFACTURA, Y COPYRIGHT
Lugar de producción, publicación, distribución, manufactura Argentina:
Nombre del productor, publicador, distribuidor Casa Bautista de Publicaciones,
Fecha de producción, publicación, distribución, manufactura, o copyright [1970]
300 ## - DESCRIPCIÓN FÍSICA
Extensión 703 Pag.
336 ## - TIPO DE CONTENIDO
Fuente rdacontent
Término de tipo de contenido texto
Código de tipo de contenido txt
337 ## - TIPO DE MEDIO
Fuente rdamedia
Nombre del tipo de medio sin mediación
Código del tipo de medio n
338 ## - TIPO DE SOPORTE
Fuente rdacarrier
Nombre del tipo de soporte volumen
Código Tipo de soporte nc
505 00 - NOTA DE CONTENIDO
Nota de contenido con formato preestablecido Vol. 1 : Los Evangelios Sinópticos. Vol. 2 . Juan y Hechos. Vol. 3 : Epístolas de Pablo. Vol. 4 : Hebreos - Apocalipsis
630 07 - TITULO UNIFORME
Título uniforme Biblia.
Nombre de parte o sección de la obra Nuevo Testamento
942 ## - TIPO DE MATERIAL (KOHA)
Tipo de Item KOHA Libros General
Existencias
Estado de Material Estado de Perdido Forma de Clasificación Estado de Dañado No para Préstamo Colección Tomo Biblioteca de Origen Biblioteca Permanente Fecha de Adquisición Total de Préstamos Total de Renovaciones Signatura Topográfica Código de Barras Última vez visto Última vez Préstado Ejemplar/Existencia Fecha de Remplazo Tipo de Material
    Dewey Decimal Classification     Colección General   Biblioteca FUSBC Biblioteca FUSBC 02/09/2004 5 1 G 225.7 B717c 8389 06/03/2024 17/09/2018 Vol.1,ej.1 26/01/2016 Libros General
    Dewey Decimal Classification     Colección General   Biblioteca FUSBC Biblioteca FUSBC 02/09/2004 1   G 225.7 B717c 8396 12/12/2019 18/05/2018 Vol.4,ej.2 26/01/2016 Libros General
    Dewey Decimal Classification     Colección General   Biblioteca FUSBC Biblioteca FUSBC 02/09/2004 1   G 225.7 B717c 8395 12/12/2019 08/11/2017 Vol.4,ej.1 26/01/2016 Libros General
    Dewey Decimal Classification     Colección General   Biblioteca FUSBC Biblioteca FUSBC 02/09/2004     G 225.7 B717c 8394 12/12/2019   Vol.3,ej.2 26/01/2016 Libros General
    Dewey Decimal Classification     Colección General   Biblioteca FUSBC Biblioteca FUSBC 02/09/2004 1   G 225.7 B717c 8393 12/12/2019 25/03/2017 Vol.3,ej.1 26/01/2016 Libros General
    Dewey Decimal Classification     Colección General   Biblioteca FUSBC Biblioteca FUSBC 02/09/2004     G 225.7 B717c 8392 12/12/2019   Vol.2,ej.2 26/01/2016 Libros General
    Dewey Decimal Classification     Colección General   Biblioteca FUSBC Biblioteca FUSBC 02/09/2004 2   G 225.7 B717c 8391 12/12/2019 29/04/2017 Vol.2,ej.1 26/01/2016 Libros General
    Dewey Decimal Classification     Colección General   Biblioteca FUSBC Biblioteca FUSBC 02/09/2004 5 1 G 225.7 B717c 8390 10/11/2022 19/11/2018 Vol.1,ej.2 26/01/2016 Libros General

Biblioteca FUSBC | Teléfono: (57+4) 349 88 10 Ext. 141| WhatsApp (+57) 3005338115 
E-mail: biblioteca@unisbc.edu.co | Calle 76 87-14 Robledo Palenque, Medellín, Colombia

Con tecnología Koha